000 00601nam a2200181 4500
001 148221
003 ES-MaACL
007 t|
008 070214s1951 gw r ||||1| ger d
100 1 _aStolz, Alban.
_9108296
245 1 0 _aDürre Krèauter
_b: Zweite Fortsetzung der `Witterungen der Seele` /
_cAlban Stolz ; mit einer Einsührung von Dr. Julius Mayer.
250 _a6 und 7 Aufl.
260 _aFreiburg im Breisgau :
_bHerder,
_c1951.
300 _aVIII, 2 h., 592 p. ;
_c17 cm.
700 1 _aMayer, Julius.
_979357
740 0 _aWitterungen der Seele.
852 _aES-MaACL
_jC-8054
_bR.35772
999 _c148221
_d148221